[Event "Daventry Stokes Cup U12"]
[Site "Daventry"]
[Date "2016.07.18"]
[Round "2.2"]
[White "Metcalfe, Charlie P"]
[Black "Boulos, Carlos"]
[Result "0-1"]
[WhiteElo "1511"]
[BlackElo "1702"]
[PlyCount "72"]
[EventDate "2016.07.18"]
[EventType "team-tourn"]
[EventRounds "5"]
[EventCountry "ENG"]
[SourceTitle "EXT 2020"]
[Source "ChessBase"]
[SourceDate "2019.10.17"]
[SourceVersion "1"]
[SourceVersionDate "2019.10.17"]
[SourceQuality "1"]
[WhiteTeam "England II"]
[BlackTeam "France"]
[WhiteTeamCountry "ENG"]
[BlackTeamCountry "FRA"]

1. d4 d5 2. Nf3 Nf6 3. c4 e6 4. Nc3 b6 5. Bf4 Bd6 6. Bxd6 Qxd6 7. e3 0-0 8. cxd5 exd5 9. Bd3 Bb7 10. 0-0 Qd8 11. Ne5 Nbd7 12. f4 Ne4 13. Qg4 f5 14. Qh5 Nxe5 15. fxe5 g6 16. Qh6 Qg5 17. Qxg5 Nxg5 18. Rac1 Ne6 19. Ne2 c5 20. Rcd1 c4 21. Bc2 b5 22. b3 c3 23. g3 b4 24. Nc1 Ba6 25. Bd3 Bxd3 26. Nxd3 a5 27. Rb1 Rfc8 28. Rfc1 Ng5 29. Kg2 Ne4 30. Ra1 Rab8 31. a3 Nd2 32. Nc5 Rxc5 33. dxc5 Nxb3 34. axb4 axb4 35. Rab1 Nxc1 36. Rxc1 b3 0-1